000 00249nam a2200109Ia 4500
008 231011s9999 xx 000 0 und d
041 _aeng
100 _aBlair G.R
245 _aWhat Are Your Goals
260 _bWharton Pub Delmar -
365 _b565
999 _c885578
_d885578